000 00955nam a22002657a 4500
001 BR8701478
003 BR-BrBNA
005 20230928092419.0
007 ta
008 230509b bl.||||| |||| 00| 0 por d
040 _aBR-BrBNA
_bpor
_cBiblioteca Nacional de Agricultura
041 _a(Por)
072 _aE14
_b/G514
090 _ E14 BR8701478
110 1 _aMinisterio do Interior, Brasilia, DF (Brasil)
_97113
245 1 _aProjeto litoral sul de Santa Catarina, sub-projeto Sombrio; estudo de viabilidade tecnico-economica do projeto de desenvolvimento agricola do banhado do Sombrio
260 3 _aBrasilia, DF (Brasil):
_c[nd].
300 _av. 9
500 _a81 illus. (*) Documento disponível na(o) Empresa Catarinense de Pesquisa Agropecuaria S.A., Florianopolis, SC (Brazil)
650 _aPROJETO AGRICOLA
650 _aDESENVOLVIMENTO AGRICOLA
650 _aSANTA CATARINA
909 _a202309
_bLucia
_c55
_dLucia Elande
942 _cBK
999 _c38911
_d38911